000 01265nam0a22003131 4500
001 RU\INFOCOMM_327\NLR\5000051395
005 20250613111926.0
035 _a(NLR Aleph) 009599044
090 _a9298909
_c9298909
100 _a20130306d1982 |||y0rusy50 ca
101 0 _aeng
102 _aRU
105 _ay z |||||
200 1 _aOne variable analyticity and periodicity of the quasi - Bloch functions
_fA. Nenciu, G. Nenciu
210 _aДубна
_cОбъед. ин-т ядер. исслед.
_d1982
215 _a9 с.
_d21 см
225 1 _aСообщения Объединенного института ядерных исследований, Дубна
_vЕ17-82-207
300 _aНа послед. с.: Аналитичность т периодичность квазиблоховских функций относительно одной переменной / Ненчу А., Ненчу Г.
300 _aРез. на рус. яз.
320 _aБиблиогр.: с. 9
606 0 _aБлоха функции
_2nlr_sh1
686 _aВ371.13
_2rubbk
700 1 _aNenciu
_bA.
701 1 _aNenciu
_bG.
801 1 _aRU
_bInfocomm
_c20130306
801 0 _aRU
_bINFOCOMM
_gPSBO
852 _aNLR
_jФз01 Д-4/1869
942 _cBOOK
980 _aNB